Bác Hồ với nhân sĩ, trí thức
Nhân dịp kỷ niệm Ngày sinh Chủ tịch Hồ Chí Minh và Ngày thành lập nước Việt Nam Dân chủ Cộng hòa, Nhà xuất bản Thông tấn ấn hành cuốn sách "Bác Hồ với nhân sĩ, trí thức" của soạn giả Trần Đương, soạn giả đã chắt lọc từ nhiề...
Đã lưu trong:
| 主要作者: | |
|---|---|
| 格式: | 图书 |
| 语言: | Undetermined |
| 出版: |
Hà Nội
Thông Tấn
2005
|
| 主题: | |
| 标签: |
添加标签
没有标签, 成为第一个标记此记录!
|
| Thư viện lưu trữ: | Trung tâm Học liệu Trường Đại học Cần Thơ |
|---|
| LEADER | 01649nam a2200229Ia 4500 | ||
|---|---|---|---|
| 001 | CTU_189940 | ||
| 008 | 210402s9999 xx 000 0 und d | ||
| 020 | |c 37000 | ||
| 082 | |a 324.2075092 | ||
| 082 | |b Đ561 | ||
| 100 | |a Trần, Đương | ||
| 245 | 0 | |a Bác Hồ với nhân sĩ, trí thức | |
| 245 | 0 | |c Trần Đương (biên soạn) | |
| 260 | |a Hà Nội | ||
| 260 | |b Thông Tấn | ||
| 260 | |c 2005 | ||
| 520 | |a Nhân dịp kỷ niệm Ngày sinh Chủ tịch Hồ Chí Minh và Ngày thành lập nước Việt Nam Dân chủ Cộng hòa, Nhà xuất bản Thông tấn ấn hành cuốn sách "Bác Hồ với nhân sĩ, trí thức" của soạn giả Trần Đương, soạn giả đã chắt lọc từ nhiều nguồn tư liệu, sách báo, ghi chép lời kể của các nhân chứng, hệ thống hóa thành những bài viết hết sức cảm động xung quanh mối quan hệ và ảnh hưởng của lãnh tụ Nguyễn Ái Quốc - Hồ Chí Minh đối với các nhân sĩ, trí thức Việt Nam giai đoạn đất nước mới giành được độc lập, đang rất cần những người có tâm, có tài phụng sự sự nghiệp kháng chiến, kiến quốc. | ||
| 650 | |a Communists,Hồ Chí Minh,Người Cộng sản,Hồ Chí Minh | ||
| 650 | |x Viet Nam,Biography,Tiểu sử | ||
| 650 | |z Việt Nam | ||
| 904 | |i Duy Bằng | ||
| 980 | |a Trung tâm Học liệu Trường Đại học Cần Thơ | ||